000 00228nam a2200097Ia 4500
008 240331s9999 xx 000 0 und d
082 _a294.4
_bBHA
100 _aBhattacharyya,H.M
245 0 _aJaina logic and epistemology
942 _cL
999 _c934
_d934